Les 50... Attaquants - Statistiques

Statistiques générales
  • Ce quiz a été pris 217 fois
  • Le résultat moyen est 41 sur 50
Statistiques - réponses
Par images Réponse % Correct
Thierry Henry
99%
Zlatan Ibrahimovic
99%
Ronaldo
98%
Antoine Griezmann
97%
Karim Benzema
97%
Kylian Mbappe
97%
Neymar Jr.
97%
Erling Haaland
96%
Luis Suarez
96%
Didier Drogba
95%
Harry Kane
95%
Mario Balotelli
95%
Edinson Cavani
94%
Johan Cruyff
94%
Romelu Lukaku
94%
Wayne Rooney
94%
David Trezeguet
93%
Jean-Pierre Papin
93%
Robert Lewandowski
93%
Son Heung-Min
93%
Samuel Eto'o
92%
Nicolas Anelka
91%
Eric Cantona
90%
Fernando Torres
90%
Robin Van Persie
90%
Sergio Agüero
90%
Djibril Cissé
89%
Radamel Falcao
89%
Rivaldo
88%
David Villa
87%
Marco Van Basten
87%
Miroslav Klose
87%
Carlos Tévez
86%
Patrick Kluivert
81%
Sebastien Haller
81%
Georges Weah
77%
Andriy Shevchenko
76%
Filippo Inzaghi
74%
Rudi Völler
73%
Michael Owen
68%
Ruud Van Nistelrooy
68%
Alan Shearer
62%
Dimitar Berbatov
60%
Davor Suker
59%
Gabriel Batistuta
53%
Kenny Dalglish
51%
Emmanuel Adebayor
48%
Christian Vieri
43%
Nwankwo Kanu
23%
Giovane Elber
14%
Aucun quiz correspondant
Distribution des résultats
% des personnes avec chaque résultat
Percentile par nombre de réponses
Votre historique - résultats
Vous n’avez pas pris ce quiz